01279nam a2200241Ia 4500001001100000003001000011008004100021040002500062041001200087100002600099245004200125250001100167260006200178300001200240500021500252501011400467520021500581650002300796942000700819957000600826999004300832952016200875A870-35434IT-CnALBA170116s9999||||xx |||||||||||||| ||und|| aIT-CnALBAcIT-CnALBA aLATINO  aCICERONE MARCO TULLIO 0aM. T. CICERONIS ORATIONES. TOMUS IX.  a2a ed. a NEAPOLIbPORCELLI M. JOSEPH TYPIS c1788 [1° Ed.: n.d.] a559 p.  aDE PROVINCIIS CONSULARIBUS. PRO L. CORNELIO BALBO. IN L. COLPUGNIUM PISONEM. LE PROVINCE CONSOLARI. IN DIFESA DI CORNELIO BALBO. CONTRO COLPUGNIO PISONE. NOTE. CURATORE GIORGIO GREVIO. ELENCO DI ALTRI CRITICI.  aSocietà San Paolo EM - Piazza San Paolo, 14 - 12051 ALBA (CN) (non commercial uses only) ® Copyright 2017 aDE PROVINCIIS CONSULARIBUS. PRO L. CORNELIO BALBO. IN L. COLPUGNIUM PISONEM. LE PROVINCE CONSOLARI. IN DIFESA DI CORNELIO BALBO. CONTRO COLPUGNIO PISONE. NOTE. CURATORE GIORGIO GREVIO. ELENCO DI ALTRI CRITICI.  aLETTERATURA LATINA cBK 71 a40199bSI g Copie: 1 c294262d294262 0010406A_8703543471aALBAbALBAd2017-01-16l0oA870-35434r2017-01-16 00:00:00w2017-01-16yBKz(data import: 16 gennaio 2017) - By Epidotti, Vaglietti.